America enters the Cold War : the road to global commitment, 1945-1950 /

Bibliographic Details
Main Author: Grimm, Kevin (Author)
Format: Book
Language:English
Published: New York : Routledge, [2018]
Series:Critical moments in American history.
Subjects:

MARC

Tag First Indicator Second Indicator Subfields
LEADER 00000cam a2200000 i 4500
001 in00004020113
005 20180718090047.0
008 170626t20182018nyua b 001 0 eng
010 |a  2017030664 
020 |a 9781138208360  |q (hardcover  |q alkaline paper) 
020 |a 1138208361  |q (hardcover  |q alkaline paper) 
020 |a 9781138208377  |q (paperback) 
020 |a 113820837X  |q (paperback) 
035 |a (OCoLC)ocn994263090 
040 |a DLC  |e rda  |c DLC  |d UtOrBLW 
043 |a n-us--- 
049 |a TXAM 
050 0 0 |a E813  |b .G75 2018 
082 0 0 |a 327.73009/044  |2 23 
100 1 |a Grimm, Kevin,  |e author.  |0 http://id.loc.gov/authorities/names/n2017037733 
245 1 0 |a America enters the Cold War :  |b the road to global commitment, 1945-1950 /  |c Kevin E. Grimm. 
264 1 |a New York :  |b Routledge,  |c [2018] 
264 4 |c ©2018 
300 |a xi, 233 pages :  |b illustrations ;  |c 24 cm. 
336 |a text  |b txt  |2 rdacontent 
337 |a unmediated  |b n  |2 rdamedia 
338 |a volume  |b nc  |2 rdacarrier 
490 1 |a Critical moments in American history 
504 |a Includes bibliographical references (pages [223]-229) and index. 
505 0 |a A world changes: Europe in the 1940s -- Envisioning the Soviets: Kennan vs. Wallace -- Opening salvos: Truman and his Doctrine -- How to fight: NSC-68 and planning global strategy -- The view after: victories and costs. 
651 0 |a United States  |x Foreign relations  |y 1945-1953.  |0 http://id.loc.gov/authorities/subjects/sh85140097 
651 0 |a United States  |x History  |y 1945-1953.  |0 http://id.loc.gov/authorities/subjects/sh85140300 
650 0 |a Cold War.  |0 http://id.loc.gov/authorities/subjects/sh88005637 
830 0 |a Critical moments in American history.  |0 http://id.loc.gov/authorities/names/no2013019521 
945 |b 549582 
947 |a A14850518573 
948 |a cataloged  |b h  |c 2018/5/11  |d c  |e dmitchel  |f 3:00:00 pm 
994 |a 92  |b TXA 
999 f f |s ddf86125-3833-3c4c-adde-9811e09e5fb4  |i 6f660a7b-8e20-3469-8e0f-21d1ecf99b2a  |t 0 
952 f f |p normal  |a Texas A&M University  |b College Station  |c Sterling C. Evans Library  |d Evans: Library Stacks  |t 0  |e E813 .G75 2018  |h Library of Congress classification  |i unmediated -- volume  |m A14850518573 
998 f f |a E813 .G75 2018  |t 0  |l Evans: Library Stacks